ბათუმის შოთა რუსთაველის სახელმწიფო უნივერსიტეტის ბიბლიოთეკა

სააქციო სამართლის საფუძვლები = Foundations of corporate law : (ბიბ.ჩანაწერი № 49431)

000 -ლიდერი
ფიქსირებული სიგრძის საკონტროლო ველი 01917nam a2200277Ia 4500
001 - საკონტროლო ნომერი
საკონტროლო ველი 16354
003 - საკონტროლო ნომრის იდენტიფიკატორი
საკონტროლო ველი GE_BSU
005 - ბოლო ოპერაციის თარიღი და დრო
საკონტროლო ველი 20221227122344.0
008 - ფიქსირებული სიგრძის მონაცემთა ელემენტები - ზოგადი ინფორმაცია
ფიქსირებული სიგრძის საკონტროლო ველი 181216s2013||||ge |||||||||||||| ||geo||
020 ## - წიგნის საერთაშორისო სტანდარტული ნომერი
International Standard Book Number 9789941107825
040 ## - კატალოგიზაციის წყარო
Transcribing agency GE_BSU
041 ## - ენის კოდი
Language code of text/sound track or separate title geo
080 ## - უნივერსალური ათობითი კლასიფიკაციის ინდექსი
Universal Decimal Classification number 347.725 ბ-97
100 ## - მთავარი ჩანაწერი - პიროვნების სახელი
Personal name ბურდული, ირაკლი
9 (RLIN) 7029
245 ## - ცნობა სათაურის შესახებ
Title სააქციო სამართლის საფუძვლები = Foundations of corporate law :
Remainder of title (გერმანული და ქართული სამართლის მაგალითზე). ტ. 2 /
Statement of responsibility, etc ირაკლი ბურდული ; საკორპორაციო, საბანკო და ეკონომიკური სამართლის ინ-ტი, თსუ, იურიდ. ფაკ-ტი.
264 ## - წარმოების, გამოცემის, დისტრიბუციის და სხვა ცნობები
გამოცემის, წარმოების, დისტრიბუციის... ადგილი თბილისი :
გამოცემის, წარმოების, დისტრიბუციის... სახელწოდება მერიდიანი,
გამოცემის, წარმოების, დისტრიბუციის... თარიღი 2013.
300 ## - ფიზიკური აღწერა
Extent 536 გვ.;
Other physical details 22 სმ.
500 ## - ზოგადი შენიშვნა
General note პროფესორ ბესარიონ ზოიძის 60 წლისა და პროფ. ლადო ჭანტურიას 50 წლის იუბილეს აღსანიშნავად
504 ## - BIBLIOGRAPHY, ETC. NOTE
Bibliography, etc ბიბლიოგრ. ტექსტ. შენიშვნ.501-536
520 ## - SUMMARY, ETC.
Summary, etc საკორპორაციო, საბანკო და ეკონომიკური სამართლის ინ-ტი, თსუ, იურიდ. ფაკ-ტი
653 ## - INDEX TERM--UNCONTROLLED
Uncontrolled term სამართალი
653 ## - INDEX TERM--UNCONTROLLED
Uncontrolled term სააქციო სამართალი
710 ## - ADDED ENTRY--CORPORATE NAME
Corporate name or jurisdiction name as entry element თბილისის სახელმწიფო უნივერსიტეტი
Subordinate unit საკორპორაციო, საბანკო და ეკონომიკური სამართლის ინსტიტუტი.
9 (RLIN) 16598
942 ## - ADDED ENTRY ELEMENTS (KOHA)
Koha item type წიგნი
Source of classification or shelving scheme
ეგზემპლარები
ჩამოწერის სტატუსი დაკარგული ეგზემპლარის სტატუსი კლასიფიკაციის წყარო ან თაროზე გაწყობის სქემა დაზიანების სტატუსი არ გაიცემა მუდმივი მდებარეობა (დაცვის ადგილი) ამჟამინდელი ადგილსამყოფელი თაროზე განთავსების ადგილი შეძენის თარიღი ღირებულება, შესყიდვის ნორმალური ფასი სრული შენახვის შიფრი შტრიხკოდი ბოლო ოპერაციის თარიღი ეგზემპლარის მიმდევრობითი ნომერი (კეტერი?) ფასის ძალაში შესვლის თარიღი ეგზემპლარის სახეობა საჯარო შენიშვნა
          ბათუმის შოთა რუსთაველის სახელმწიფო უნივერსიტეტის მთავარი ბიბლიოთეკა ბათუმის შოთა რუსთაველის სახელმწიფო უნივერსიტეტის მთავარი ბიბლიოთეკა წიგნსაცავი 2022-12-27 17.00 347.725 ბ-97 40618 2022-12-27 40618 2022-12-27 წიგნი 17 ლ.
          ბათუმის შოთა რუსთაველის სახელმწიფო უნივერსიტეტის მთავარი ბიბლიოთეკა ბათუმის შოთა რუსთაველის სახელმწიფო უნივერსიტეტის მთავარი ბიბლიოთეკა წიგნსაცავი 2022-12-27 17.00 347.725 ბ-97 40619 2022-12-27 40619 2022-12-27 წიგნი 17 ლ.